|
|
|
|
| LEADER |
00902pam a22002178a 4500 |
| 001 |
00016694 |
| 005 |
20171026081022.0 |
| 008 |
110413s1981 ||||||Viesd |
| 041 |
0 |
# |
|a Vie
|
| 082 |
1 |
4 |
|a 495.922 5
|b T123L
|
| 100 |
0 |
# |
|a Nguyễn Hữu Tuyền
|
| 245 |
0 |
0 |
|a Tập làm văn và ngữ pháp
|b Sách dùng cho các trường trung học chuyên nghiệp
|c Nguyễn Hữu Tuyền, Nguyễn Gia Phong
|
| 260 |
# |
# |
|a H.
|b Đại học
|c 1981
|
| 300 |
# |
# |
|a 236 tr,
|c 19 cm.
|
| 653 |
# |
# |
|a Văn nghị luận
|a Giải thích
|a Chứng minh
|a Văn bản khác
|
| 700 |
0 |
# |
|a Nguyễn Gia Phong
|
| 852 |
# |
# |
|b Kho mượn
|j KM.0009854,KM.0009716, KM.0006036
|
| 852 |
# |
# |
|b Kho đọc
|j KD.0001722
|
| 852 |
# |
# |
|j KM.0009716
|j KM.0009854
|j KM.0006036
|j KD.0001722
|
| 910 |
|
|
|d 13/04/2011
|
| 980 |
# |
# |
|a Trung tâm Học liệu Lê Vũ Hùng, Trường Đại học Đồng Tháp
|